Statistics for Missing Vowels in Countries - Easy

Click here to take the quiz!

General Stats

  • This quiz has been taken 27 times
  • The average score is 15 of 16

Answer Stats

CountryAnswer% Correct
BRZLBrazil
100%
CHNChina
100%
GYPTEgypt
100%
FRNCFrance
100%
TLYItaly
100%
MXCMexico
100%
NGRNiger/Nigeria
100%
PLNDPoland
100%
SPNSpain
100%
SYRSyria
100%
YMNYemen
100%
CHLChile
96%
RSSRussia
88%
MNOman
85%
STRLAustralia
73%
NTD STTSUnited States
73%

Score Distribution

Percentile by Number Answered

Percent of People with Each Score

Your Score History

You have not taken this quiz